Poznámky ku kvalite elektronického vzdelávania
Pojem elektronické vzdelávanie. Projekty kvality elektronického vzdelávania. Kvalita a efektívnosť e-learningu. Zásady tvorby kvalitných materiálov pre e-learning.
Saved in:
| Main Author: | |
|---|---|
| Format: | Book Chapter |
| Language: | Slovak |
| Subjects: | |
| Tags: |
No Tags, Be the first to tag this record!
|
MARC
| LEADER | 00000naa$a2200000$$$4500 | ||
|---|---|---|---|
| 001 | 0049524 | ||
| 005 | 20231013113256.5 | ||
| 041 | 0 | |a slo | |
| 044 | |a SK | ||
| 245 | 1 | 0 | |a Poznámky ku kvalite elektronického vzdelávania |c Eva Tóblová |
| 520 | |a Pojem elektronické vzdelávanie. Projekty kvality elektronického vzdelávania. Kvalita a efektívnosť e-learningu. Zásady tvorby kvalitných materiálov pre e-learning. | ||
| 610 | 2 | 0 | |a riadenie kvality |
| 610 | 2 | 0 | |a školy vysoké |
| 610 | 2 | 0 | |a vyučovanie |
| 610 | 2 | 0 | |a vzdelávanie elektronické |
| 610 | 2 | 0 | |a technológie informačné |
| 610 | 2 | 0 | |a technológie komunikačné |
| 100 | 1 | |a Tóblová, Eva | |